000 nam a22 a 4500
999 _c461511
_d461511
003 BLK
005 20220616085627.0
008 200311b bul|||||r ||||||| ||bul||
040 _aBLK
041 _aBUL
_cBUL
080 _aБългарска литература
_b821.163.2
_z821.163.2-1
100 _aОрлинов, Орлин
_eпърви автор
_91299
139 _aОрлинов, Орлин
245 1 0 _aНебеса
_bРецитал по едноименната поема
_cОрлин Орлинов
257 _aBGR
260 _aСофия
_bДърж. воен. изд.
_c1968
300 _a59 с.
_c20 см
380 _aX
490 _aБиблиотека Армейска театрална самодейност
_v1
_9204898
500 _aИзд. на Глав. полит. управл. на Нар. армия.
852 _aЦб 46438
856 4 _qpdf
_u
856 4 _qpdf
_u
942 _cKNG
_n0
_s1
944 _aCR
_c2022-06-16
_kнр